000 00340nam a22001457a 4500
003 OSt
005 20160727222346.0
008 160621b xxu||||| |||| 00| 0 eng d
040 _ctest
100 _9250
_aBlyton, E,
245 _aThe 5 Find - Outers
260 _bG.B Knight Books
_c1992
300 _aThe 5 Find - Outers
942 _2ddc
_cBK
999 _c211
_d211